1927 1434 1199 1794 1067 1530 1010 1996 1617 1645 1314 1168 1188 1882 1696 1871 1078 1428 1822 1320 1219 1527 1033 1237 1560 1499 1135 1546 1823 1903 1650 1142 1078 1005 1792 1789 1176 1241 1838 1861 1360 1273 1026 1818 1246 1368 1494 1625 1080 1472 1957 1882 1577 1343 1601 1814 1563 1455 1907 1439 1995 1049 1318 1060 1304 1269 1794 1394 1274 1787 1941 1836 1688 1093 1565 1746 1340 1046 1469 1056 1639 1034 1478 1805 1165 1628 1191 1611 1755 1472 1238 1879 1013 1237 1032 1257 1620 1105 1720 BCNSPRNW ULIB Ver.6.0+V

เปลี่ยนเป็นภาษาไทย

Change to English
 แสดงรายละเอียดบรรณานุกรม
  กลับหน้าหลัก

Brief Record : Get Marc (ISO 2709) : E-mail record : QR code < ปิดหน้าต่าง
LEADER : 00000nam 2200000uu 4500
001    13399108925
003     ULIB
008    110316s2551||||th 000 0 tha d
060  4 WA5^bส181ร 2551
110 1  กระทรวงสาธารณสุข^bสำนักงานปลัดกระทรวง^bสถาบันพระบรมราชชนก
245 00 การปฏิบัติสู่นวัตกรรมและการวิจัย=^bPractice to innovation and research/^cสถาบันพระบรมราชชนก
246 0  Practice to innovation and research
260    นนทบุรี:^bสถาบันพระบรมราชชนก,^c2551
300    272 หน้า
650  7 การเรียนการสอนพยาบาล
650  7 สาธารณสุข
945    ^p0^l0^i027803
995    ทศพร
999 ^a ใช้งานได้ทุกระบบ
รายการนี้ยังไม่มีแท็ก
คุณยังไม่ได้ล็อกอิน คุณสามารถมีกิจกรรมร่วมกับเว็บไซต์ได้ แต่ต้องล็อกอินก่อน ::
  ล็อกอิน

รายการสื่อสารสนเทศ

ลำดับที่ ประเภท เลขเรียก/บาร์โค้ด สถานที่ สถานะ
- ไม่พบข้อมูล -

รายการใกล้เคียง
    หัวเรื่อง [การเรียนการสอนพยาบาล]
    หัวเรื่อง [สาธารณสุข]

BibComment


ยังไม่เคยถูกคอมเมนท์

คอมเมนท์ทรัพยากรรายการนี้
  คอมเมนท์: การปฏิบัติสู่นวัต..


 Copyright 2026. Bcnsprnw @Library